[Event "Oberliga Ost B 2018 2019"]
[Site "?"]
[Date "2018.10.21"]
[Round "1.7"]
[White "Perlitz, Sven"]
[Black "Ungurean, Florin Ioan"]
[Result "1/2-1/2"]
[WhiteElo "2105"]
[BlackElo "2000"]
[PlyCount "89"]
[EventDate "2018.10.21"]
[EventType "team-tourn"]
[EventCountry "GER"]
[WhiteTeam "Frankfurt SC Koenig Nied"]
[BlackTeam "Wiesbadener SV"]
[WhiteTeamCountry "GER"]
[BlackTeamCountry "GER"]

1. e4 c5 2. c3 g6 3. d4 cxd4 4. cxd4 d5 5. exd5 Nf6 6. Nc3 Bg7 7. Bb5+ Nbd7 8.
d6 O-O 9. dxe7 Qxe7+ 10. Nge2 a6 11. Bxd7 Qxd7 12. O-O b5 13. Qb3 Bb7 14. a4
bxa4 15. Qxa4 Bc6 16. Qa5 Qb7 17. f3 Nd5 18. Rd1 Rfd8 19. Bg5 Rd7 20. Na4 Bxa4
21. Qxa4 h6 22. Bh4 g5 23. Bf2 Re7 24. Ng3 g4 25. Nf5 Re2 26. Qc4 gxf3 27. g3
Rc8 28. Qxa6 Qxa6 29. Rxa6 Rcc2 30. Rf1 Nf6 31. Nxh6+ Kh7 32. Nxf7 Ne4 33. d5
Bd4 34. Rh6+ Kg8 35. Bxd4 Rg2+ 36. Kh1 Nf2+ 37. Bxf2 Rgxf2 38. Kg1 Rg2+ 39. Kh1
Rgf2 40. Ra1 Kxf7 41. d6 Kg7 42. Rh4 Rcd2 43. Re1 Rde2 44. Rd1 Rd2 45. Re1
1/2-1/2

[Event "Oberliga Ost B 2018 2019"]
[Site "?"]
[Date "2018.10.21"]
[Round "1.8"]
[White "Boehmer, Thomas"]
[Black "Goll, Christof"]
[Result "1/2-1/2"]
[WhiteElo "1975"]
[BlackElo "2057"]
[PlyCount "44"]
[EventDate "2018.10.21"]
[EventType "team-tourn"]
[EventCountry "GER"]
[WhiteTeam "Wiesbadener SV"]
[BlackTeam "Frankfurt SC Koenig Nied"]
[WhiteTeamCountry "GER"]
[BlackTeamCountry "GER"]

1. d4 d5 2. c4 e6 3. Nc3 Be7 4. Bf4 Nf6 5. e3 O-O 6. Nf3 b6 7. cxd5 Nxd5 8.
Nxd5 Qxd5 9. a3 Bd6 10. Bxd6 Qxd6 11. Rc1 h6 12. Qc2 c6 13. Qe4 f5 14. Qe5 Rd8
15. Bc4 Qxe5 16. Nxe5 Rd6 17. Bb3 Bb7 18. O-O Na6 19. Rfd1 Rad8 20. Nc4 Rd5 21.
Ne5 R5d6 22. Nc4 Rd5 1/2-1/2

[Event "Oberliga Ost B 2018 2019"]
[Site "?"]
[Date "2018.10.21"]
[Round "1.1"]
[White "Mueller, Maximilian"]
[Black "Grabarczyk, Bogdan"]
[Result "1-0"]
[WhiteElo "2312"]
[BlackElo "2386"]
[PlyCount "119"]
[EventDate "2018.10.21"]
[EventType "team-tourn"]
[EventCountry "GER"]
[WhiteTeam "Gernsheim SK"]
[BlackTeam "Griesheim SV II"]
[WhiteTeamCountry "GER"]
[BlackTeamCountry "GER"]

1. d4 d5 2. c4 dxc4 3. Nf3 Nf6 4. e3 a6 5. Bxc4 b5 6. Bd3 Bb7 7. O-O Nbd7 8. a4
b4 9. Nbd2 e6 10. e4 Nc5 11. dxc5 Qxd3 12. Ne5 Qd4 13. c6 Bc8 14. Nef3 Qc5 15.
b3 Qxc6 16. Bb2 Qb7 17. Rc1 Be7 18. Qc2 c5 19. e5 Nd7 20. Ne4 Qc7 21. Nd6+ Kf8
22. Qe4 Ra7 23. Qf4 Bxd6 24. exd6 Qc6 25. Ne5 Nxe5 26. Qxe5 f6 27. Rxc5 Qa8 28.
Qf4 Kf7 29. Rfc1 Rd7 30. Qxb4 Rhd8 31. f3 Bb7 32. Rc7 Bd5 33. Qb6 Kg6 34. Rxd7
Rxd7 35. Rc7 Qd8 36. Ba3 Rxc7 37. dxc7 Qc8 38. Kf2 e5 39. Qb8 Be6 40. Qxc8 Bxc8
41. Ke3 Kf7 42. Kd3 Ke6 43. Kc4 Kd7 44. Bf8 Kxc7 45. Bxg7 Bb7 46. Bxf6 e4 47.
Be5+ Kd7 48. f4 e3 49. g3 Bf3 50. Bd4 e2 51. Bc3 Kc6 52. b4 Bg4 53. Kd4 Kd6 54.
b5 axb5 55. axb5 Bd7 56. Bb4+ Kc7 57. Kc5 Bg4 58. Be1 Bf3 59. Bf2 Kd7 60. Kb6
1-0

[Event "Oberliga Ost B 2018 2019"]
[Site "?"]
[Date "2018.10.21"]
[Round "1.2"]
[White "Braun, Vitali"]
[Black "Hebbering, Tom Elliot"]
[Result "1/2-1/2"]
[WhiteElo "2388"]
[BlackElo "2194"]
[PlyCount "80"]
[EventDate "2018.10.21"]
[EventType "team-tourn"]
[EventCountry "GER"]
[WhiteTeam "Griesheim SV II"]
[BlackTeam "Gernsheim SK"]
[WhiteTeamCountry "GER"]
[BlackTeamCountry "GER"]

1. d4 d5 2. c4 c6 3. Nf3 Nf6 4. e3 Bg4 5. Nbd2 e6 6. Bd3 Nbd7 7. O-O Bd6 8. Qc2
Bh5 9. b3 Bg6 10. Bb2 O-O 11. Ne5 Bxd3 12. Qxd3 Be7 13. Rfd1 Qc7 14. Rac1 Rfd8
15. Nef3 Rac8 16. e4 Nc5 17. dxc5 dxe4 18. Qe3 exf3 19. Nxf3 Rxd1+ 20. Rxd1 Rd8
21. Rxd8+ Qxd8 22. Bd4 Qa5 23. Qd2 Qxd2 24. Nxd2 Nd7 25. b4 a5 26. a3 e5 27.
Bc3 axb4 28. axb4 f6 29. Nb3 Bd8 30. Kf1 Kf7 31. Ke2 Ke6 32. Kd3 g6 33. f3 f5
34. Bd2 g5 35. Bc3 h5 36. h3 h4 37. Bd2 Kf7 38. Bc3 Ke6 39. Bd2 Kf6 40. Bc3 Ke6
1/2-1/2

[Event "Oberliga Ost B 2018 2019"]
[Site "?"]
[Date "2018.10.21"]
[Round "1.3"]
[White "Di Capua, Francesco Stefano"]
[Black "Nothnagel, Holger"]
[Result "0-1"]
[WhiteElo "1902"]
[BlackElo "2303"]
[PlyCount "110"]
[EventDate "2018.10.21"]
[EventType "team-tourn"]
[EventCountry "GER"]
[WhiteTeam "Gernsheim SK"]
[BlackTeam "Griesheim SV II"]
[WhiteTeamCountry "GER"]
[BlackTeamCountry "GER"]

1. d4 g6 2. c4 Bg7 3. Nf3 c5 4. Nc3 cxd4 5. Nxd4 Nc6 6. Nc2 Nf6 7. g3 O-O 8.
Bg2 d6 9. O-O Be6 10. Ne3 Rc8 11. Bd2 Qd7 12. Qa4 Rfd8 13. Rfd1 a6 14. Ned5
Bxd5 15. cxd5 Ne5 16. Qxd7 Nfxd7 17. Bg5 Kf8 18. Rac1 Nc4 19. Rc2 b5 20. Bh3
Ke8 21. Rdc1 Nxb2 22. Rxb2 Rxc3 23. Rxc3 Bxc3 24. Rc2 b4 25. Bd2 Bxd2 26. Bxd7+
Kxd7 27. Rxd2 Rc8 28. f3 Rc3 29. Kf2 a5 30. Rd4 Rc2 31. a3 b3 32. Rd3 a4 33.
Rd4 Rc7 34. Ke3 Rb7 35. Rd1 Kc7 36. Kd4 Kb6 37. Kc3 Kb5 38. Kb2 Rc7 39. Rd2 Rc4
40. e4 Kc5 41. h4 Rd4 42. Rh2 Rd3 43. h5 Rxf3 44. hxg6 hxg6 45. Rh8 Rxg3 46.
Re8 Rg2+ 47. Kb1 Ra2 48. Rxe7 Rxa3 49. Rxf7 Ra2 50. Rc7+ Kd4 51. Rd7 Re2 52.
Ra7 Kc3 53. Rc7+ Kb4 54. Rb7+ Ka3 55. Kc1 Rxe4 0-1

[Event "Oberliga Ost B 2018 2019"]
[Site "?"]
[Date "2018.10.21"]
[Round "1.4"]
[White "De Visser, Leon"]
[Black "Peterson, Emery"]
[Result "1/2-1/2"]
[WhiteElo "2243"]
[BlackElo "2170"]
[PlyCount "71"]
[EventDate "2018.10.21"]
[EventType "team-tourn"]
[EventCountry "GER"]
[WhiteTeam "Griesheim SV II"]
[BlackTeam "Gernsheim SK"]
[WhiteTeamCountry "GER"]
[BlackTeamCountry "GER"]

1. c4 e6 2. g3 d5 3. Bg2 c6 4. Nf3 f5 5. O-O Nf6 6. d3 Be7 7. b3 O-O 8. Bb2 a5
9. Nc3 Na6 10. e3 Rb8 11. Ne2 Re8 12. Ne5 Nc5 13. Qc2 Nfd7 14. e4 dxe4 15. dxe4
Qc7 16. Nxd7 Bxd7 17. Rad1 Rbd8 18. Bc3 Bc8 19. e5 Rxd1 20. Rxd1 Rd8 21. Rd2
Nd7 22. Qd1 Re8 23. Qa1 Bb4 24. Bxb4 axb4 25. f4 c5 26. Qd1 Nb8 27. Rd6 Bd7 28.
Qd2 Bc6 29. Bxc6 Nxc6 30. Rd7 Rd8 31. Rxd8+ Qxd8 32. Qxd8+ Nxd8 33. Nc1 Nc6 34.
Nd3 b6 35. Nb2 Na7 36. Kf2 1/2-1/2

[Event "Oberliga Ost B 2018 2019"]
[Site "?"]
[Date "2018.10.21"]
[Round "1.5"]
[White "Rosenberger, Frank"]
[Black "Flach, Erich"]
[Result "0-1"]
[WhiteElo "2048"]
[BlackElo "2101"]
[PlyCount "42"]
[EventDate "2018.10.21"]
[EventType "team-tourn"]
[EventCountry "GER"]
[WhiteTeam "Gernsheim SK"]
[BlackTeam "Griesheim SV II"]
[WhiteTeamCountry "GER"]
[BlackTeamCountry "GER"]

1. e4 c5 2. Nf3 d6 3. d4 cxd4 4. Nxd4 Nf6 5. Nc3 a6 6. Bc4 e6 7. Bb3 Nbd7 8.
Bg5 Nc5 9. f4 Be7 10. Qf3 Qc7 11. O-O b5 12. a3 Bb7 13. Rae1 O-O 14. Ba2 h6 15.
Bh4 Rfe8 16. Bf2 Bf8 17. g4 e5 18. fxe5 Rxe5 19. Bg3 Rxe4 20. Nxe4 Ncxe4 21.
Qf4 Ng5 0-1

[Event "Oberliga Ost B 2018 2019"]
[Site "?"]
[Date "2018.10.21"]
[Round "1.6"]
[White "Dietz, Holger"]
[Black "Wenner, Frank"]
[Result "1-0"]
[WhiteElo "2310"]
[BlackElo "2081"]
[PlyCount "81"]
[EventDate "2018.10.21"]
[EventType "team-tourn"]
[EventCountry "GER"]
[WhiteTeam "Griesheim SV II"]
[BlackTeam "Gernsheim SK"]
[WhiteTeamCountry "GER"]
[BlackTeamCountry "GER"]

1. e4 c5 2. Nf3 d6 3. d4 cxd4 4. Nxd4 Nf6 5. f3 e5 6. Nb3 d5 7. Bg5 Be6 8. Bxf6
gxf6 9. exd5 Qxd5 10. Qxd5 Bxd5 11. Bb5+ Nc6 12. Nc3 Bb4 13. O-O-O Be6 14. Nd5
Bxd5 15. Rxd5 Rd8 16. Rhd1 Rxd5 17. Rxd5 Ke7 18. c3 Bd6 19. Bxc6 bxc6 20. Ra5
Bb8 21. Ra6 Rc8 22. Na5 Kd7 23. g4 Kd6 24. Nc4+ Kd7 25. Kc2 Kc7 26. Na5 Kd6 27.
Kd3 f5 28. gxf5 f6 29. b4 Kd7 30. h4 h5 31. a4 Rc7 32. b5 cxb5 33. axb5 Kc8 34.
Rxf6 e4+ 35. fxe4 Rxc3+ 36. Kxc3 Be5+ 37. Kd3 Bxf6 38. Nc6 Kb7 39. e5 Bxh4 40.
f6 a6 41. f7 1-0

[Event "Oberliga Ost B 2018 2019"]
[Site "?"]
[Date "2018.10.21"]
[Round "1.7"]
[White "Mazurek, Robert"]
[Black "Diaz, Joaquin"]
[Result "1-0"]
[WhiteElo "2169"]
[BlackElo "2160"]
[PlyCount "75"]
[EventDate "2018.10.21"]
[EventType "team-tourn"]
[EventCountry "GER"]
[WhiteTeam "Gernsheim SK"]
[BlackTeam "Griesheim SV II"]
[WhiteTeamCountry "GER"]
[BlackTeamCountry "GER"]

1. d4 d5 2. c4 c6 3. Nc3 Nf6 4. Nf3 e6 5. Bg5 dxc4 6. e4 b5 7. e5 h6 8. Bh4 g5
9. exf6 gxh4 10. Ne5 Qxf6 11. g3 Nd7 12. Qe2 Bb7 13. Bg2 a6 14. O-O-O Bb4 15.
Ne4 Qf5 16. a3 Be7 17. Nc3 Rc8 18. Be4 Qg5+ 19. f4 Qg7 20. Rhf1 hxg3 21. hxg3
Qxg3 22. f5 Nxe5 23. dxe5 Rd8 24. fxe6 Rxd1+ 25. Qxd1 fxe6 26. Kb1 Bc5 27. Qh5+
Kd8 28. Qf7 Rf8 29. Rd1+ Kc8 30. Qxe6+ Kb8 31. Bxc6 Bc8 32. Bd7 Bb7 33. Bc6 Bc8
34. Qd5 Be7 35. Nxb5 Qg6+ 36. Ka1 axb5 37. Qxb5+ Kc7 38. Rd7+ 1-0

[Event "Oberliga Ost B 2018 2019"]
[Site "?"]
[Date "2018.10.21"]
[Round "1.8"]
[White "Nothnagel, Markus"]
[Black "Kuehner, Tobias"]
[Result "1-0"]
[WhiteElo "2241"]
[BlackElo "1753"]
[PlyCount "97"]
[EventDate "2018.10.21"]
[EventType "team-tourn"]
[EventCountry "GER"]
[WhiteTeam "Griesheim SV II"]
[BlackTeam "Gernsheim SK"]
[WhiteTeamCountry "GER"]
[BlackTeamCountry "GER"]

1. b3 d5 2. Bb2 Nf6 3. e3 Bf5 4. f4 e6 5. Nf3 Nbd7 6. Be2 c5 7. O-O Rc8 8. Ne5
Nxe5 9. Bxe5 h5 10. h3 d4 11. Bxf6 Qxf6 12. Bb5+ Kd8 13. Qf3 a6 14. e4 Bxh3 15.
Qxh3 axb5 16. d3 Be7 17. Nd2 Qh4 18. Qxh4 Bxh4 19. a4 bxa4 20. Rxa4 Ke7 21. Ra7
Rc7 22. Kh2 g6 23. Nf3 Bf6 24. Rfa1 Kd7 25. R1a4 Rb8 26. Nd2 b5 27. R4a6 Rbb7
28. Ra8 Rc6 29. Ra5 Bd8 30. Ra2 Rc8 31. R8a6 Bc7 32. Kg3 g5 33. e5 gxf4+ 34.
Kxf4 Rg8 35. Ne4 Rxg2 36. Nxc5+ Kc8 37. Nxb7 Kxb7 38. Ra7+ Kc8 39. Ra8+ Bb8 40.
Kf3 Rg5 41. R2a7 h4 42. Rxf7 h3 43. Rf8+ Kc7 44. Rfxb8 Kc6 45. Rh8 Kc5 46. Rxh3
Kb4 47. Rh4 Rf5+ 48. Ke4 Rg5 49. Rc8 1-0

[Event "Oberliga Ost B 2018 2019"]
[Site "?"]
[Date "2018.10.21"]
[Round "1.1"]
[White "Strache, Michael"]
[Black "Schmidt Schaeffer, Sebastian"]
[Result "1/2-1/2"]
[WhiteElo "2255"]
[BlackElo "2357"]
[PlyCount "135"]
[EventDate "2018.10.21"]
[EventType "team-tourn"]
[EventCountry "GER"]
[WhiteTeam "Sangerhausen SV"]
[BlackTeam "Naumburger SV"]
[WhiteTeamCountry "GER"]
[BlackTeamCountry "GER"]

1. e4 e5 2. Nf3 d6 3. Nc3 Nf6 4. d4 exd4 5. Nxd4 Be7 6. Bf4 O-O 7. Qd2 Nc6 8.
O-O-O Nxd4 9. Qxd4 a6 10. Be2 Be6 11. Kb1 b5 12. Nd5 Bxd5 13. exd5 Nd7 14. g4
Re8 15. Qd2 Nc5 16. Bd3 Bf6 17. h4 Bxb2 18. Kxb2 Qf6+ 19. Kb1 Na4 20. c3 Nxc3+
21. Kc2 Nxd1 22. Rxd1 Qxh4 23. f3 h6 24. Qg2 b4 25. Bc1 Re1 26. Be4 Rxd1 27.
Kxd1 Qf6 28. Bb2 Qf4 29. Bc1 Qe5 30. Bb2 Qe7 31. Qd2 a5 32. Qd4 Qg5 33. Bf5 Re8
34. f4 Qf6 35. Qxf6 gxf6 36. Kd2 Kg7 37. g5 hxg5 38. fxg5 Rb8 39. Bd3 a4 40.
Ke3 Re8+ 41. Kf2 Ra8 42. Bxf6+ Kf8 43. Bc4 Ra5 44. Ke3 Rc5 45. Kd3 Ke8 46. Bd4
Ra5 47. a3 bxa3 48. Bc3 Ra8 49. Bb5+ Kf8 50. Kc4 a2 51. Kb4 a3 52. Bc6 Ra6 53.
Ba1 Kg8 54. Ba4 Ra8 55. Kb3 Kh7 56. Bc6 Ra6 57. Kxa2 Kg6 58. Bf6 Ra7 59. Bd8
Kf5 60. Be7 Ke5 61. Bf6+ Kf5 62. Bd7+ Kg6 63. Bb5 Ra5 64. Bc6 Kf5 65. Bd8 Ra7
66. Bd7+ Kg6 67. Bc6 Kf5 68. Bd7+ 1/2-1/2

[Event "Oberliga Ost B 2018 2019"]
[Site "?"]
[Date "2018.10.21"]
[Round "1.2"]
[White "Heinrich, Julius Tobias"]
[Black "Engelmann, Jakob"]
[Result "0-1"]
[WhiteElo "2100"]
[BlackElo "2276"]
[PlyCount "88"]
[EventDate "2018.10.21"]
[EventType "team-tourn"]
[EventCountry "GER"]
[WhiteTeam "Naumburger SV"]
[BlackTeam "Sangerhausen SV"]
[WhiteTeamCountry "GER"]
[BlackTeamCountry "GER"]

1. e4 c6 2. Nf3 d5 3. Nc3 Bg4 4. h3 Bxf3 5. Qxf3 e6 6. exd5 cxd5 7. Bb5+ Nc6 8.
O-O Nf6 9. d3 Be7 10. Bf4 O-O 11. Bxc6 bxc6 12. Ne2 Qb6 13. Rab1 c5 14. Ng3
Rfc8 15. Rfd1 Qa6 16. a3 c4 17. c3 cxd3 18. Rxd3 Bd6 19. Bxd6 Qxd6 20. Qe2 Rab8
21. Rbd1 Rb6 22. R1d2 Qc7 23. Rd4 a5 24. h4 Rcb8 25. h5 h6 26. Rc2 Qb7 27. b4
Ra8 28. Rd1 Rc6 29. Rd4 Rac8 30. Rd3 Qb5 31. Re3 Qa4 32. bxa5 Qxa5 33. f4 Qxa3
34. f5 d4 35. Rf3 dxc3 36. fxe6 Rxe6 37. Qd3 Qc5+ 38. Kh2 Rec6 39. Rf5 Qb4 40.
Kg1 Rd6 41. Qf1 Rcd8 42. Rb5 Qa4 43. Qf5 Rd3 44. Rb8 Qa7+ 0-1

[Event "Oberliga Ost B 2018 2019"]
[Site "?"]
[Date "2018.10.21"]
[Round "1.3"]
[White "Heyder, Florian"]
[Black "Gering, Samuel"]
[Result "1-0"]
[WhiteElo "2211"]
[BlackElo "2089"]
[PlyCount "79"]
[EventDate "2018.10.21"]
[EventType "team-tourn"]
[EventCountry "GER"]
[WhiteTeam "Sangerhausen SV"]
[BlackTeam "Naumburger SV"]
[WhiteTeamCountry "GER"]
[BlackTeamCountry "GER"]

1. b3 d5 2. Bb2 c5 3. Nf3 Nc6 4. e3 Nf6 5. Be2 e6 6. O-O Bd6 7. d4 O-O 8. c4 b6
9. Nc3 Bb7 10. cxd5 Nxd5 11. Nxd5 exd5 12. Qd2 Ne7 13. Rac1 Ng6 14. Rc2 Rc8 15.
Rfc1 f5 16. g3 Qe7 17. Ne1 f4 18. exf4 Nxf4 19. Bf1 Ne6 20. Bg2 Rcd8 21. dxc5
bxc5 22. Nd3 d4 23. f4 g5 24. Re1 Bxg2 25. Qxg2 Qf6 26. Rce2 Ng7 27. Qd5+ Kh8
28. Qxg5 Qxg5 29. fxg5 Rf5 30. Ne5 Kg8 31. Bc1 Ne6 32. h4 d3 33. Ng4 dxe2 34.
Nh6+ Kg7 35. Nxf5+ Kg6 36. Nxd6 Rxd6 37. Kf2 Nd4 38. Be3 h6 39. Bxd4 cxd4 40.
Kxe2 1-0

[Event "Oberliga Ost B 2018 2019"]
[Site "?"]
[Date "2018.10.21"]
[Round "1.4"]
[White "Fritsch, Andreas"]
[Black "Hillmann, Michael"]
[Result "0-1"]
[WhiteElo "2052"]
[BlackElo "2160"]
[PlyCount "96"]
[EventDate "2018.10.21"]
[EventType "team-tourn"]
[EventCountry "GER"]
[WhiteTeam "Naumburger SV"]
[BlackTeam "Sangerhausen SV"]
[WhiteTeamCountry "GER"]
[BlackTeamCountry "GER"]

1. Nc3 d5 2. e4 dxe4 3. Nxe4 Qd5 4. Qf3 c6 5. Nc3 Qxf3 6. Nxf3 Bf5 7. Nh4 Be6
8. d4 Nf6 9. Bd3 Nbd7 10. Ne2 Nb6 11. b3 Bg4 12. h3 Bh5 13. Nf4 Bg6 14. Nfxg6
hxg6 15. Nf3 e6 16. Bd2 Be7 17. c4 O-O 18. Ke2 Rfd8 19. Bc3 Nbd7 20. Rad1 a6
21. Rhe1 b5 22. Kf1 b4 23. Bb2 a5 24. Bc2 Kf8 25. Rd2 Rac8 26. Rde2 Kg8 27. g3
Bf8 28. Ng5 c5 29. Bxg6 fxg6 30. Nxe6 Re8 31. d5 Bd6 32. f4 Nf8 33. Kf2 Nxe6
34. Rxe6 Rxe6 35. Rxe6 Ne8 36. Be5 Rd8 37. Rxg6 Kf7 38. Re6 a4 39. g4 axb3 40.
axb3 Bxe5 41. fxe5 Ra8 42. g5 g6 43. Rb6 Ra3 44. Rb7+ Kf8 45. d6 Rxb3 46. Rh7
Rd3 47. Ke2 Rd4 48. d7 Ng7 0-1

[Event "Oberliga Ost B 2018 2019"]
[Site "?"]
[Date "2018.10.21"]
[Round "1.5"]
[White "Hellwig, Tobias"]
[Black "Haertig, Jens"]
[Result "1-0"]
[WhiteElo "2187"]
[BlackElo "2148"]
[PlyCount "39"]
[EventDate "2018.10.21"]
[EventType "team-tourn"]
[EventCountry "GER"]
[WhiteTeam "Sangerhausen SV"]
[BlackTeam "Naumburger SV"]
[WhiteTeamCountry "GER"]
[BlackTeamCountry "GER"]

1. d4 Nf6 2. c4 e6 3. Nc3 Bb4 4. Qc2 O-O 5. e4 d5 6. e5 Ne4 7. Bd3 c5 8. dxc5
Nc6 9. Nf3 Bxc3+ 10. bxc3 Qa5 11. O-O h6 12. Bxe4 dxe4 13. Qxe4 Qxc5 14. Rb1
Ne7 15. Rd1 Qc6 16. Qd3 Qa4 17. Rb3 Re8 18. Qe2 b6 19. Rd6 Bb7 20. Ra3 1-0

[Event "Oberliga Ost B 2018 2019"]
[Site "?"]
[Date "2018.10.21"]
[Round "1.6"]
[White "Will, Matthias"]
[Black "Richter, Dustin"]
[Result "1/2-1/2"]
[WhiteElo "2002"]
[BlackElo "2168"]
[PlyCount "96"]
[EventDate "2018.10.21"]
[EventType "team-tourn"]
[EventCountry "GER"]
[WhiteTeam "Naumburger SV"]
[BlackTeam "Sangerhausen SV"]
[WhiteTeamCountry "GER"]
[BlackTeamCountry "GER"]

1. Nf3 Nf6 2. c4 g6 3. b4 Bg7 4. Bb2 O-O 5. g3 d6 6. Bg2 a5 7. b5 e5 8. d3 Nbd7
9. Nbd2 Nc5 10. a4 Re8 11. O-O Bf5 12. Ne1 Qc8 13. Nb3 Nfd7 14. e4 Nxb3 15.
Qxb3 Nc5 16. Qc2 Bg4 17. f3 Bh3 18. Rd1 Qe6 19. d4 exd4 20. Bxd4 Bxd4+ 21. Rxd4
Qf6 22. Rd1 Bxg2 23. Kxg2 Rad8 24. Nd3 Ne6 25. Rf2 Kg7 26. Qb2 Qxb2 27. Rxb2 b6
28. Kf2 Re7 29. Ra2 Rde8 30. Re1 g5 31. g4 Rd8 32. Ke3 Kf6 33. h4 h6 34. hxg5+
hxg5 35. Rh1 Ree8 36. Rh6+ Kg7 37. Rah2 Rh8 38. Rxh8 Rxh8 39. Rxh8 Kxh8 40. e5
dxe5 41. Nxe5 f6 42. Nd3 Kg7 43. Ke4 Kf7 44. Kd5 Ke7 45. Kc6 Kd8 46. Kd5 Ke7
47. Kc6 Kd8 48. Kd5 Ke7 1/2-1/2

[Event "Oberliga Ost B 2018 2019"]
[Site "?"]
[Date "2018.10.21"]
[Round "1.7"]
[White "Duchrow, Oliver"]
[Black "Muekke, Jens Frieder"]
[Result "1-0"]
[WhiteElo "2096"]
[BlackElo "1993"]
[PlyCount "49"]
[EventDate "2018.10.21"]
[EventType "team-tourn"]
[EventCountry "GER"]
[WhiteTeam "Sangerhausen SV"]
[BlackTeam "Naumburger SV"]
[WhiteTeamCountry "GER"]
[BlackTeamCountry "GER"]

1. e4 e6 2. d4 d5 3. Nc3 Bb4 4. e5 c5 5. a3 Bxc3+ 6. bxc3 Qc7 7. Nf3 Nc6 8. h4
f6 9. Bf4 fxe5 10. Nxe5 Nxe5 11. Bxe5 Qe7 12. Bb5+ Bd7 13. Bxd7+ Kxd7 14. c4
Nf6 15. O-O Rad8 16. cxd5 exd5 17. Re1 Qf8 18. c4 Kc8 19. Qa4 a6 20. Qa5 Rd7
21. dxc5 Ne4 22. Rxe4 dxe4 23. c6 Rf7 24. cxb7+ Rxb7 25. Qxa6 1-0

[Event "Oberliga Ost B 2018 2019"]
[Site "?"]
[Date "2018.10.21"]
[Round "1.8"]
[White "Roessler, Bernd"]
[Black "Buerckner, Georg"]
[Result "1/2-1/2"]
[WhiteElo "2022"]
[BlackElo "2048"]
[PlyCount "94"]
[EventDate "2018.10.21"]
[EventType "team-tourn"]
[EventCountry "GER"]
[WhiteTeam "Naumburger SV"]
[BlackTeam "Sangerhausen SV"]
[WhiteTeamCountry "GER"]
[BlackTeamCountry "GER"]

1. d4 d5 2. Bf4 e6 3. Nf3 Nf6 4. e3 Be7 5. Bd3 O-O 6. Nbd2 Nbd7 7. c3 b6 8. Qe2
Bb7 9. O-O Re8 10. Ne5 c5 11. Bb5 a6 12. Bc6 Bxc6 13. Nxc6 Qc8 14. Nxe7+ Rxe7
15. Nf3 h6 16. h3 c4 17. Rfe1 b5 18. Be5 Ne4 19. Bh2 Qc6 20. Nd2 Nxd2 21. Qxd2
Nf6 22. Qc2 Rb7 23. a3 a5 24. Be5 Nd7 25. e4 Nxe5 26. dxe5 Rd8 27. Rad1 Rbd7
28. exd5 Rxd5 29. Rxd5 Rxd5 30. Qe4 Qd7 31. g3 Rd2 32. Re2 Rd1+ 33. Kg2 Qd3 34.
Qxd3 cxd3 35. Re3 Rd2 36. b3 Rb2 37. b4 axb4 38. axb4 d2 39. Rd3 Rc2 40. Kf1
Rxc3 41. Rxd2 Rc4 42. Rb2 Kh7 43. Rb3 Kg6 44. Kg2 Kf5 45. Rf3+ Kg6 46. Rb3 Kf5
47. Rf3+ Kg6 1/2-1/2

[Event "Oberliga Ost B 2018 2019"]
[Site "?"]
[Date "2018.10.21"]
[Round "1.1"]
[White "Everett, Elijah"]
[Black "Kuenstler, Christian"]
[Result "0-1"]
[WhiteElo "2232"]
[BlackElo "2285"]
[PlyCount "64"]
[EventDate "2018.10.21"]
[EventType "team-tourn"]
[EventCountry "GER"]
[WhiteTeam "Schoeneck SF"]
[BlackTeam "Neuberg SF"]
[WhiteTeamCountry "GER"]
[BlackTeamCountry "GER"]

1. e4 c5 2. Nf3 e6 3. d4 cxd4 4. Nxd4 Nc6 5. Nc3 Qc7 6. g3 a6 7. Bg2 d6 8. O-O
Bd7 9. Re1 Be7 10. a4 Nf6 11. Nb3 b6 12. f4 O-O 13. g4 g6 14. g5 Nh5 15. f5 f6
16. fxe6 Bxe6 17. Nd5 Qd8 18. gxf6 Bxf6 19. Nxf6+ Qxf6 20. Be3 Ne5 21. Rf1 Qe7
22. Nd4 Bg4 23. Qe1 Qd7 24. Qb4 Bh3 25. Qb3+ Kh8 26. Rxf8+ Rxf8 27. Bh6 Bxg2
28. Bxf8 Qg4 29. Bxd6 Bxe4+ 30. Kf1 Qg2+ 31. Ke1 Qg1+ 32. Ke2 Nf4+ 0-1

[Event "Oberliga Ost B 2018 2019"]
[Site "?"]
[Date "2018.10.21"]
[Round "1.2"]
[White "Wahedi, Ahmad Siar"]
[Black "Marchio, Enrico"]
[Result "1-0"]
[WhiteElo "2274"]
[BlackElo "2308"]
[PlyCount "163"]
[EventDate "2018.10.21"]
[EventType "team-tourn"]
[EventCountry "GER"]
[WhiteTeam "Neuberg SF"]
[BlackTeam "Schoeneck SF"]
[WhiteTeamCountry "GER"]
[BlackTeamCountry "GER"]

1. e4 e6 2. d4 d5 3. Nc3 Nf6 4. e5 Nfd7 5. Nce2 c5 6. c3 Nc6 7. f4 b5 8. Nf3 a5
9. h4 b4 10. g4 Ba6 11. f5 Bxe2 12. Qxe2 Qb6 13. Be3 bxc3 14. bxc3 Rb8 15. Bh3
cxd4 16. cxd4 Bb4+ 17. Kf2 O-O 18. Rab1 Qa7 19. Qd3 Rfc8 20. a3 Be7 21. g5 exf5
22. Bxf5 g6 23. Bg4 Nd8 24. h5 Rxb1 25. Rxb1 Rc6 26. Rb5 Nb6 27. Bd2 Qa6 28.
Bxa5 Bxa3 29. Qb3 gxh5 30. Bxh5 Rc2+ 31. Kg3 Rb2 32. Qxa3 Qxb5 33. Qe7 Qd7 34.
Qxd7 Nxd7 35. Bxd8 Nf8 36. Be7 Ne6 37. Bg4 Rb3 38. Bxe6 fxe6 39. g6 hxg6 40.
Kg4 Rb8 41. Kg5 Kg7 42. Bf6+ Kh7 43. Kf4 Kg8 44. Ng5 Rb6 45. Be7 Rb8 46. Bf6
Rb6 47. Ke3 Kf8 48. Bd8 Rc6 49. Kf4 Ke8 50. Ba5 Kd7 51. Nh7 Ke8 52. Kg5 Kf7 53.
Kh6 Rc1 54. Ng5+ Ke7 55. Kxg6 Rd1 56. Bb4+ Kd7 57. Bc5 Rg1 58. Kh5 Rh1+ 59. Kg4
Rg1+ 60. Kf4 Rf1+ 61. Nf3 Rh1 62. Kg4 Rf1 63. Kg3 Rh1 64. Bb4 Rd1 65. Kg4 Rd3
66. Bc5 Rd1 67. Nh4 Rg1+ 68. Kh5 Rh1 69. Kg5 Rg1+ 70. Kf6 Rf1+ 71. Kg7 Rg1+ 72.
Ng6 Rg2 73. Bb4 Rg1 74. Bd2 Rg2 75. Bf4 Ke8 76. Kf6 Rg4 77. Be3 Re4 78. Bf2 Rg4
79. Be3 Re4 80. Bg1 Rg4 81. Bf2 Kd8 82. Kf7 1-0

[Event "Oberliga Ost B 2018 2019"]
[Site "?"]
[Date "2018.10.21"]
[Round "1.3"]
[White "Heinatz, Thomas"]
[Black "Lutz, Klaus Juergen"]
[Result "1-0"]
[WhiteElo "2286"]
[BlackElo "2227"]
[PlyCount "143"]
[EventDate "2018.10.21"]
[EventType "team-tourn"]
[EventCountry "GER"]
[WhiteTeam "Schoeneck SF"]
[BlackTeam "Neuberg SF"]
[WhiteTeamCountry "GER"]
[BlackTeamCountry "GER"]

1. e4 d6 2. d4 Nf6 3. f3 e5 4. d5 Be7 5. Be3 c6 6. c4 a5 7. Nc3 O-O 8. Bd3 Na6
9. Nge2 Nd7 10. O-O Ndc5 11. Bc2 Bd7 12. a3 Bg5 13. Bf2 Qf6 14. Rb1 Be8 15. b4
axb4 16. axb4 Nd7 17. dxc6 bxc6 18. Ba4 Rb8 19. Bxc6 Qh6 20. Nd5 Rd8 21. Ng3 g6
22. Qe2 Ndb8 23. Bb5 Rc8 24. Bxa6 Nxa6 25. c5 Nc7 26. Nxc7 Rxc7 27. cxd6 Rb7
28. b5 Bd7 29. Rfd1 Rc8 30. Rd5 Bf6 31. Be3 Qf8 32. Nf1 Be6 33. Qd3 Qd8 34. Rc5
Rcb8 35. Rc3 Qd7 36. b6 Bd8 37. Qb5 Bxb6 38. Bxb6 Rxb6 39. Qxd7 Bxd7 40. Rxb6
Rxb6 41. Rd3 f6 42. Nd2 Kf7 43. Nb3 Rc6 44. Rd5 Rc2 45. Rc5 Rb2 46. Rc7 Ke6 47.
Nc5+ Kxd6 48. Rxd7+ Kxc5 49. Rxh7 g5 50. Rf7 Rb6 51. h3 Kd4 52. Kf2 Rb2+ 53.
Kg3 Rb6 54. Kg4 Rb2 55. g3 Rb6 56. h4 gxh4 57. gxh4 Ke3 58. h5 Ra6 59. Rb7 Ra1
60. Rb3+ Kd4 61. Kf5 Kc4 62. Rb6 Rf1 63. Rxf6 Rxf3+ 64. Kxe5 Rh3 65. h6 Rh5+
66. Kf4 Rh4+ 67. Kf5 Kd4 68. Kg5 Rh1 69. Rf4 Ke5 70. Rh4 Rg1+ 71. Rg4 Rh1 72.
Kg6 1-0